000 00604nam a22002297a 4500
003 UA-OsUOA
001 79127
007 ta
008 20111103b un ||||| |||| 00| 0 ukr d
100 _aСтивенсон Р.Л.
090 _a821.161.1
_bС80
942 _cBK
040 _aUA-OsUOA
_brus
_cUA-OsUOA
_dUA-OsUOA
245 _aОстров сокровищ
_bроман
300 _a199 с.
955 _a3
041 _arus
080 _a821.161.1
260 _aОдесса
_bМаяк
_c1979
650 7 _a82 Література. Літературознавство
_2UDC
999 _c365446
_d365446